SEC 100 Greatest Movies - Statistics

General Stats
  • This quiz has been taken 113 times
    93 since last reset
  • The average score is 46 of 100
Answer Stats
Hint Answer % Correct
Marlon Brando, James Caan The Godfather
98%
John Travolta, Uma Thurman Pulp Fiction
80%
Christian Bale, Heath Ledger The Dark Knight
76%
Brad Pitt, Edward Norton Fight Club
75%
Tom Hanks, Gary Sinise Forrest Gump
75%
Mel Gibson, Brendan Gleeson Braveheart
71%
Robert DeNiro, Joe Pesci Goodfellas
71%
Tim Robbins, Morgan Freeman Shawshank Redemption
71%
Clint Eastwood, Eli Wallach The Good the Bad and the Ugly
71%
Sylvester Stallone, Burgess Meredith Rocky
69%
Robert De Niro, Jodie Foster Taxi Driver
69%
Kevin Spacey, Mena Suvari American Beauty
68%
Jack Nicholson, Shelley Duvall The Shining
68%
Sigourney Weaver, John Hurt Alien
66%
Jodie Foster, Anthony Hopkins Silence of the Lambs
66%
Martin Sheen, Marlon Brando Apocalypse Now
64%
Harrison Ford, Mark Hamill Star Wars
64%
Jack Nicholson, Leonardo Di Caprio The Departed
64%
Drew Barrymore, Henry Thomas E.T.
63%
Jeff Bridges, John Goodman The Big Lebowski
61%
Tom Cruise, Dustin Hoffman Rain Man
59%
Harvey Keitel, Steve Buscemi Reservoir Dogs
59%
Al Pacino, Michelle Pfeiffer Scarface
59%
Kevin Spacey, Gabriel Byrne The Usual Suspects
59%
Tom Hanks, Tim Allen Toy Story
59%
Jamie Fox, Christoph Waltz Django Unchained
58%
Charlie Sheen, Willem Dafoe Platoon
58%
Robert De Niro, Christopher Walken The Deer Hunter
58%
Gregory Peck, Robert Duvall To Kill A Mockingbird
58%
Matt Damon, Robin Williams Good Will Hunting
56%
Anthony Perkins, Janet Leigh Psycho
56%
Brad Pitt, Morgan Freeman Seven
56%
Dustin Hoffman, Anne Bancroft The Graduate
56%
Daniel Day Lewis, Leonardo Di Caprio Gangs of New York
54%
Roy Scheider, Richard Dreyfuss Jaws
54%
Jack Nicholson, Danny Devito One Flew Over the Cuckoos Nest
54%
Daniel Day Lewis, Paul Dano There Will Be Blood
54%
Michael J. Fox, Christopher Lloyd Back to the Future
53%
Frances McDormand, William H. Macy Fargo
53%
Matthew Broderick, Mia Sara Ferris Bueller's Day Off
53%
James Stewart, Donna Reed It's a Wonderful Life
53%
Clint Eastwood, Hillary Swank Million Dollar Baby
53%
Jamie Foxx, Regina King Ray
53%
Matt Damon, Tom Hanks Saving Private Ryan
53%
Liam Neeson, Ben Kingsley Schindler's List
53%
Bruce Willis, Haley Joel Osment The Sixth Sense
53%
Clint Eastwood, Gene Hackman Unforgiven
53%
Harrison Ford, Rutger Hauer Blade Runner
51%
Bradley Cooper, Zach Galifianakis The Hangover
51%
Matthew McConaughey, Jared Leto Dallas Buyers Club
49%
Javier Bardem, Tommy Lee Jones No Country for Old Men
49%
Johnny Depp, Winona Ryder Edward Scissorhands
47%
Sandra Bullock, George Clooney Gravity
47%
Joaquin Phoenix, Reese Witherspoon Walk the Line
46%
Edward Norton, Edward Furlong American History X
44%
Robert Redford, Paul Newman Butch Cassidy and the Sundance Kid
44%
Paul Newman, George Kennedy Cool Hand Luke
44%
Peter Sellers, George C. Scott Dr. Strangelove
44%
Casey Affleck, Kyle Chandler Manchester by the Sea
44%
Tom Hanks, Denzell Washington Philadelphia
44%
Miles Teller, J.K. Simmons Whiplash
44%
Robert DeNiro, Joe Pesci Casino
42%
Dustin Hoffman, Jon Voight Midnight Cowboy
42%
John Cleese, Graham Chapman Monty Python and the Holy Grail
42%
Ashton Sanders, Mahershala Ali Moonlight
42%
Al Pacino, John Cazale Dog Day Afternoon
41%
Bill Murray, Dan Akroyd Ghostbusters
41%
Wil Wheaton, River Phoenix Stand By Me
41%
Linda Blair, Max von Sydow The Exorcist
41%
Chiwetel Ejiofor, Michael Fassbender 12 Years a Slave
39%
Russell Crowe, Ed Harris A Beautiful Mind
39%
Jack Nicholson, Helen Hunt As Good As it Gets
39%
Colin Firth, Helena Bonham Carter The Kings Speech
34%
Matthew Modine, Vincent D'onofrio Full Metal Jacket
31%
Clint Eastwood, Bee Vang Gran Torino
31%
Brad Pitt, Christoph Waltz Inglourious Basterds
31%
Hugh Jackman, Patrick Stewart Logan
31%
Christian Bale, Jennifer Lawrence American Hustle
27%
Ryan Reynolds, T.J. Miller Deadpool
27%
Kevin Spacey, Russell Crowe L.A. Confidential
27%
Brad Pitt, Jason Statham Snatch
27%
Mickey Rourke, Marisa Tomei The Wrestler
27%
Gerard Butler, Lena Headey 300
25%
William Holden, Alec Guiness Bridge on the River Kwai
25%
Dustin Hoffman, Steve McQueen Papillon
24%
Steve McQueen, James Garner The Great Escape
24%
Al Pacino, Robert Duvall The Godfather II
22%
Al Pacino, John Randolph Serpico
19%
Billy Crudup, Kate Hudson Almost Famous
17%
Josh Hartnett, Ewan McGregor Black Hawk Down
17%
Michael Caine, Sean Connery The Man Who Would Be King
17%
Amy Adams, Jake Gyllenhall Nocturnal Animals
15%
Viggo Mortensen, Naomi Watts Eastern Promises
12%
Sharlto Copley, David James District 9
10%
George Clooney, John Turturro Oh Brother, Where Art Thou?
10%
Ralph Fiennes, Tony Revolori The Grand Budapest Hotel
10%
Craig T. Nelson, Samuel L. Jackson The Incredibles
10%
Viggo Mortensen, Frank Langella Captain Fantastic
5%
Daniel Radcliffe, Emma Watson Harry Potter and the Prisoner of Azkaban
5%
Russell Crowe, Paul Bettany Master and Commander
3%
No matching quizzes found
Score Distribution
Percent of People with Each Score
Percentile by Number Answered
Your Score History
You have not taken this quiz since the last reset